000
00255nam a2200097Ia 4500
005
20251222114352.0
008
251222s1900||||xx |||||||||||||| ||spa||
082
_a
DVD0070/S18/1998/Ej.3
245
0
_a
Estación central de Brazil:Central Do Brasil
942
_c
DVD
999
_c
1288
_d
1288